000 00974ngm a22003490a 4500
001 PT19756
003 AR-LpoUNG
005 20210201232245.0
007 co ||u|||uuuuu
008 191001s2004||||ag |||||||||||||||||spa d
020 _a9872071519
_c$30.3
040 _aAR-LpoUNG
_bspa
_cAR-LpoUNG
_eaacr
041 _aspa
044 _aag
082 0 _a300 733v3
245 1 0 _a30 años de labor :
_bpublicaciones en texto completo 1974-2004
250 _a1ª edición
260 _aBuenos Aires :
_bCEPAL,
_c2004.
520 _aDesarrollo del contenido del CD en preparación.
650 4 _aAMERICA LATINA
650 4 _aCEPAL
650 4 _aCOMPETENCIA
650 4 _aDESARROLLO ECONOMICO
650 4 _aDESARROLLO ECONOMICO Y SOCIAL
650 4 _aINDUSTRIA
650 4 _aJUSTICIA SOCIAL
650 4 _aMERCADO
650 4 _aTRABAJO
710 2 _aComisión Económica para América Latina y el Caribe (Buenos Aires)
905 _a19756
942 _cCDDVD
999 _c53130
_d53130